[Event "Warsaw Najdorf Memorial op-B"]
[Site "Warsaw"]
[Date "2021.07.12"]
[Round "4"]
[White "Hertlein, Irena"]
[Black "Skowron, Dawid"]
[Result "1-0"]
[WhiteElo "1643"]
[BlackElo "1349"]
[PlyCount "105"]
[EventDate "2021.07.10"]
[EventType "swiss"]
[EventRounds "9"]
[EventCountry "POL"]
[SourceTitle "EXT 2022"]
[Source "ChessBase"]
[SourceDate "2021.10.06"]
[SourceVersion "1"]
[SourceVersionDate "2021.10.06"]
[SourceQuality "1"]

1. d4 Nf6 2. Nf3 g6 3. g3 Bg7 4. Bg2 0-0 5. 0-0 c6 6. c4 Na6 7. Nbd2 d5 8. b3 c5 9. Bb2 Be6 10. Ng5 Qb6 11. dxc5 Nxc5 12. cxd5 Bxd5 13. Bxd5 Nxd5 14. Bxg7 Kxg7 15. Nc4 Qc6 16. Qd4+ Nf6 17. Ne5 Qd6 18. Qxd6 exd6 19. Nc4 d5 20. Ne3 Rfe8 21. Rfd1 Rad8 22. Rac1 b6 23. Nf3 Re4 24. Rc2 d4 25. Rcd2 Ne6 26. Nc2 Re8 27. Ncxd4 Nxd4 28. Nxd4 a6 29. Rc2 Nd5 30. a3 Kf8 31. e3 Rd8 32. Nf3 Re7 33. e4 Rxe4 34. Rcd2 Ke7 35. Rxd5 Rxd5 36. Rxd5 Ke6 37. Rd8 Kf6 38. Rd6+ Re6 39. Rxe6+ fxe6 40. Kf1 e5 41. Ke2 e4 42. Nd2 Ke5 43. Ke3 g5 44. g4 b5 45. Nxe4 h6 46. Nc5 a5 47. Nb7 b4 48. Nxa5 bxa3 49. Nc4+ Kd5 50. Nxa3 Kc5 51. Nc2 Kd5 52. b4 Kc4 53. Ke4 1-0